书目信息 |
| 题名: |
化学化工软件应用教程
|
|
| 作者: | 胡桂香 主编 | |
| 分册: | ||
| 出版信息: | 北京 化学工业出版社 2016.1 |
|
| 页数: | 326页 | |
| 开本: | 26cm | |
| 丛书名: | ||
| 单 册: | ||
| 中图分类: | O6-39 , TQ015.9 | |
| 科图分类: | ||
| 主题词: | 化学--应用软件--高等学校--教材 , 化学工业--应用软件--高等学校--教材 , 化学 , 化学工业 , 应用软件 | |
| 电子资源: | ||
| ISBN: | 978-7-122-17377-5 | |
| 000 | 01203nam0 2200313 450 | |
| 001 | 0400004075 | |
| 005 | 20171023132033.0 | |
| 010 | @a978-7-122-17377-5@dCNY39.00 | |
| 090 | @aO6-3@bhgx | |
| 100 | @a20171023d2016 em y0chiy ea | |
| 101 | 0 | @achi |
| 102 | @aCN@b110000 | |
| 105 | @ay z 000yy | |
| 106 | @ar | |
| 200 | 1 | @a化学化工软件应用教程@9hua xue hua gong ruan jian ying yong jiao cheng@f胡桂香主编 |
| 210 | @a北京@c化学工业出版社@d2016.1 | |
| 215 | @a326页@d26cm | |
| 300 | @a高等学校教材 | |
| 330 | @a本教材介绍了7款常用化学化工软件的应用,从内容上分为三部分。前两章为统计分析软件,介绍了Origin和Statistica软件的基本操作和主要应用;第三到五章为化学计算软件,介绍了Gaussian、ChemOffice和Tsar软件的基本操作以及其在量子化学计算、化学结构式及反应流程绘制、定量构效关系等方面的应用;第六和第七章为制图软件,介绍了AutoCAD和SmartDraw软件在化工制图方面的应用。 | |
| 606 | 0 | @a化学@x应用软件@x高等学校@j教材 |
| 606 | 0 | @a化学工业@x应用软件@x高等学校@j教材 |
| 606 | 0 | @a化学 |
| 606 | 0 | @a化学工业 |
| 606 | 0 | @a应用软件 |
| 690 | @aO6-39@v5 | |
| 690 | @aTQ015.9@v5 | |
| 701 | 0 | @a胡桂香@9hu gui xiang@4主编 |
| 801 | 0 | @aCN@bNLC@c20171023 |
| 905 | @b1036911-5@dO6-39@f5@e825 | |
| 化学化工软件应用教程/胡桂香主编.-北京:化学工业出版社,2016.1 |
| 326页;26cm |
| 高等学校教材 |
| ISBN 978-7-122-17377-5:CNY39.00 |
| 本教材介绍了7款常用化学化工软件的应用,从内容上分为三部分。前两章为统计分析软件,介绍了Origin和Statistica软件的基本操作和主要应用;第三到五章为化学计算软件,介绍了Gaussian、ChemOffice和Tsar软件的基本操作以及其在量子化学计算、化学结构式及反应流程绘制、定量构效关系等方面的应用;第六和第七章为制图软件,介绍了AutoCAD和SmartDraw软件在化工制图方面的应用。 |
| ● |
| 相关链接 |
|
|
|
|
正题名:化学化工软件应用教程
索取号:O6-39/825
 
预约/预借
| 序号 | 登录号 | 条形码 | 馆藏地/架位号 | 状态 | 备注 |
| 1 | 1036911 | 210369117 | 第二样本阅览室/ [索取号:O6-39/825] | 在馆 | |
| 2 | 1036912 | 210369126 | 第三借阅区/ [索取号:O6-39/825] | 在馆 | |
| 3 | 1036913 | 210369135 | 密集书库-化学系/ [索取号:O6-39/825] | 在馆 | |
| 4 | 1036914 | 210369144 | 第三借阅区/ [索取号:O6-39/825] | 在馆 | |
| 5 | 1036915 | 210369153 | 第三借阅区/ [索取号:O6-39/825] | 在馆 |